00222nam a22000857a 4500008004100000082002000041245005700061260000900118300000900127230704b xxu||||| |||| 00| 0 eng d a354.6bWAR 1980 aReport of the Civil Service Review Committee 1979-80 c1980 a254p